000 00337nam a2200133Ia 4500
005 20260326235439.0
008 260326s9999||||xx |||||||||||||| ||und||
100 _aBroadbent,G.
245 0 _aMetodología del Diseño arquitectónico /
_cG. Broadbent
260 _bGustavo Gili
300 _a413 p.
650 _aARQUITECTURA
942 _cBK
999 _c7332
_d7332